00567nam a2200181 a 45000010010000000030011000100080041000210350026000620820012000881000020001002450058001202600056001786500014002349420012002489520090002609980020003509990015003700000-8719ELIB.Books110520 1972  a(ELIB.Books)0000-8865 aR bKit aKittel, Gerhard aTheological Dictionary of the New Testament. vol-VIII bGrand Rapids: Wm. B. Eerdmans Publishing Co. c1972 aReference 2ddccBK 00102ddc4070aKBTSbKBTSd2011-05-20l0p8466r2022-01-22 00:00:00w2022-01-22yBK cbate2011-05-20 c8719d8719